000 01267cam a2200277 i 4500
003 SA-RiAUC
005 20260330124545.0
008 260111s1888 iq g 000r0 ara c
040 _aSA-RiAUC
_bara
_cSA-RiAUC
_erda
043 _aa-su---
082 0 4 _a915.31
090 _aم ن 915.31
_bع ب د ل
100 1 _aعبد الله باش أعيان، عبد الله بن عبد الواحد بن عبد اللطيف،
_d1263-1340 هجري
_eمؤلف.
245 1 2 _aالفتوحات الكوازية في السياحة إلى الأراضي الحجازية /
_cتأليف عبد الله بن عبد الواحد بن عبد اللطيف آل عبد السلام الكوازي.
264 1 _aالبصرة، العراق :
_b[الناشر غير محدد]،
_c1305
264 3 _a[مكان الطبع غير محدد] :
_bمطبعة البصرة.
300 _a44 صفحة ؛
_c29 سم
336 _aنص
_btxt
_2rdacontent
_3كتاب
337 _aبدون وسيط
_bn
_2rdamedia
338 _aمجلد
_bnc
_2rdacarrier
650 7 _aالحج
_2aucsh
650 7 _aالمشاعر المقدسة
_2aucsh
651 7 _aالحجاز (السعودية)
_xوصف ورحلات
_2aucsh
942 _2ddc
_cRBOOK COPY
_n0
949 _aSA-JeALM
_d260111
_umohamedma123
_n1
999 _c14684
_d14684